Stany w Meksyku - Quiz na mapie - Statystyki

Ogólne statystyki
  • Ten quiz został rozwiązany 903 razy
  • Średni wynik to 6 z 32
Odpowiedzi na mapie
Odpowiedzi zakodowano w zielono-czerwonej skali na mapie do tego quizu, zgodnie z poniższymi procentami.
 
Statystyki odpowiedzi
Odpowiedź % Poprawnych
Kalifornia Dolna
51%
Kalifornia Dolna
Południowa
51%
Chihuahua
28%
Meksyk
27%
Yucatán
26%
Sinaloa
19%
Chiapas
18%
México
18%
Sonora
18%
Tabasco
18%
Veracruz
18%
Aguascalientes
17%
Coahuila
17%
Durango
16%
Quintana Roo
16%
Campeche
14%
Colima
14%
Nuevo León
14%
Oaxaca
14%
Guerrero
13%
Hidalgo
13%
Jalisco
13%
Puebla
13%
Tamaulipas
13%
Michoacán
12%
San Luis Potosí
12%
Guanajuato
11%
Nayarit
11%
Morelos
10%
Tlaxcala
9%
Zacatecas
9%
Querétaro
8%
Nie znaleziono quizów pasujących do podanych kryteriów
Rozkład punktacji
Procent ludzi z każdym wynikiem
Percentyl według liczby udzielonych odpowiedzi
Twoja historia wyników
Nie rozwiązałeś tego quizu